| 000 | 00470cam a2200181ua 4500 | ||
|---|---|---|---|
| 003 | OSt | ||
| 008 | 250512b |||||||| |||| 00| 0 eng d | ||
| 041 | _aeng | ||
| 082 |
_a624.171 _bNOR/EL |
||
| 100 |
_aNorris, Charles head . _97488 |
||
| 245 | _aElementary structural analysis / | ||
| 250 | _a1 / | ||
| 260 |
_aAuckland : _bMcgraw-hill book co. , _c1977. |
||
| 300 | _a661 ; . | ||
| 700 | 1 |
_aJohn, benson . _97489 |
|
| 700 | 1 |
_aUkku, senol . _97490 |
|
| 942 | _cBK | ||
| 999 |
_c2161 _d2161 |
||